Nicht qualifiziert für die Fußball WM 2026 #3 - Statistiken

Allgemein
  • Dieses Quiz wurde 71 mal gespielt
  • Das Durchschnittsergebnis liegt bei 5 aus 6
Answers on the Grid
Answers color-coded by a green-red scale on the quiz's grid according to % correct below.
Iran
Schottland
Kolumbien
Ungarn
Costa Rica
Angola
Namibia
China
Griechenland
 
Antwortstatistiken
Antwort % Korrekt
China
93%
Angola
91%
Griechenland
91%
Namibia
91%
Ungarn
88%
Costa Rica
79%
Keine übereinstimmenden Quizze gefunden
Verteilung der Resultate
Anzahl Personen mit jedem Resultat
Perzentil nach korrekt beantworteten Fragen
Ihre Resultats-Entwicklung
Sie haben dieses Quiz noch nicht gespielt